| 000 | 00864nam a22002537a 4500 | ||
|---|---|---|---|
| 003 | OSt | ||
| 005 | 20140823120151.0 | ||
| 008 | 140821b2006 usa spa | ||
| 020 | _a92-75-31612-0 | ||
| 040 | _cBMC | ||
| 082 | _a613.28 | ||
| 082 | _a362.048 | ||
| 082 | _a316.71 | ||
| 245 | 0 | 0 |
_aNutrición y vida activa _b: del conocimiento a la acción _cWilma B. Freire, editora |
| 260 |
_aWashington _bOrganización Panamericana de la Salud _c2006 |
||
| 300 |
_aXII, 263 p. _bil., gráf. _c26 cm |
||
| 490 |
_aPublicación científica y técnica / Organización Panamericana de la Salud _v612 |
||
| 650 | 2 | 4 |
_918595 _aNutrición _zAmérica latina |
| 650 | 2 | 4 |
_923719 _aSalud pública _zAmérica latina |
| 650 | 2 | 4 |
_94335 _aEjercicio físico |
| 700 | 1 |
_924211 _aFreire, Wilma B. |
|
| 710 | 2 |
_92838 _aOrganización Panamericana de la Salud |
|
| 942 |
_2ddc _cBK |
||
| 999 |
_c13161 _d13161 |
||